000 00817nac a22002537a 4500
001 BR6600336
003 BR-BrBNA
005 20240105113311.0
008 230509b bl.|||m| |||| 00| 0 por d
040 _aBR-BrBNA
_bpor
_cBiblioteca Nacional de Agricultura
072 _aE10; U10
090 _aE10 BR6600336
110 1 _aServico Nacional de Recenseamento, Rio de Janeiro, GB (Brasil)
_99386
245 1 _aCenso agricola de 1960. Alagoas, Sergipe. 7. recenseamento geral do Brasil
260 3 _aRio de Janeiro, GB (Brasil):
_c1966.
300 _a108 p.
490 _aCenso Agricola. Serie Regional (Brazil)
_vv. 2(7)pt. 1
_x
500 _aNumerical data
650 _aCENSO AGRICOLA
650 _aALAGOAS
650 _aSERGIPE
909 _a202312
_bLúcia Elande
_c55
_dLúcia Elande
942 _2AGRIS
_n0
_cMS
999 _c262972
_d262972